000 00543nmm a22001817a 4500
003 OSt
005 20240429094403.0
006 eBook
008 240429b |||||||| |||| 00| 0 eng d
040 _cMRSPTU
100 _aKamthane. Ashok N
245 _aComputer Programming and IT
250 _a1st
260 _aNew Delhi
_bPearson
_c2012
600 _2Computer Science
856 _3Click here to access the e-book
_uhttps://ebookcentral.proquest.com/lib/gzsptuc/detail.action?docID=5125102&query=Computer+Programming
942 _2ddc
_cEB
_n1
999 _c10161
_d10161